| 000 | 05729namaa22004331i 4500 | ||
|---|---|---|---|
| 003 | OSt | ||
| 005 | 20260401135254.0 | ||
| 008 | 250827s2025 ua a|||frm||| 000 0 eng d | ||
| 040 |
_aEG-GICUC _bara _cEG-GICUC _dEG-GICUC _erda |
||
| 041 | 0 |
_aara _bara _beng |
|
| 049 | _aإيداع | ||
| 082 | 0 | 4 | _a736 |
| 092 |
_a736 _221 |
||
| 097 | _aدكتوراه | ||
| 099 | _aCai01.14.01.Ph.D.2025.سا.ت | ||
| 100 | 0 |
_a،سامية حسن عثمان حسن _eإعداد. |
|
| 245 | 1 | 2 |
_aالتحف التطبيقية لمتصوفة أوزبكستان : _bدراسة آثاريه فنية مقارنة في ضوء مجموعة جديدة / _cإعداد سامية حسن عثمان حسن؛ إشراف أ.د/ شادية الدسوقي عبد العزيز كشك، أ.د/ نهى جميل محمد غالي. |
| 246 | 1 | 5 |
_aApplied masterpieces of the sufis of uzbekistan : _bArchaeological, artistic and comparative study-in the light of new collection / |
| 264 | 0 | _c2025. | |
| 300 |
_a1364 صفحة : _bمجلدين؛ _c30 سم. + _eCD. |
||
| 336 |
_atext _2rda content |
||
| 337 |
_aUnmediated _2rdamedia |
||
| 338 |
_avolume _2rdacarrier |
||
| 502 | _aأطروحة (دكتوراه)-جامعة القاهرة، 2025. | ||
| 504 | _aببليوجرافيا: صفحات 1311-1364. | ||
| 520 | _aتناولت الدراسة التحف التطبيقية لصوفية أوزبكستان دراسة آثارية فنية مقارنة في ضوء مجموعة جديدة من المقتنيات المحفوظة فى متاحف جمهورية أوزبكستان وبعض المجموعات المتحفية العالمية والعربية ببرلين وروسيا ولندن ومصر وبعض المجموعات الخاصة ينشر معظمها لأول مرة والتي اشتملت على حوالى 178 تحفة (725 لوحة) كما دُعمت بكتالوج للخرائط (12خريطة) والأشكال (751شكلا) تنوعت ما بين أزياء الصوفية ومكملاتها(لباس البدن، غطاء الرأس، لباس القدم)، والكشاكيل، والأعلام، والعصي، وأرحال المصاحف، والمسابح، والحقائب، وأواني حمل وتوزيع الماء(الأباريق، الدلاء، الدوارق)، وأحواض غسيل الأيدي، وأواني الطعام، وأدوات الكتابة، الأواني الطقسية (طؤوس الرجفة)، والسجاجيد، والتراكيب وغيرها من التحف المتنوعة الخاصة بصوفية أوزبكستان، اعتمدت الدراسة على المنهج الوصفي التحليلي المقارن؛ حيث تعتمد على المنهج الوصفي في وصف التحف الفنیة، والمنهج التحلیلي للوقوف على سماتها وممیزاتها الفنیة، وتفسیر أسباب الظهور، والغرض من العناصر، والزخارف، والنقوش، والنصوص الكتابیة، بالإضافة إلى دراسة مقارنة للتحف (موضوع الدراسة)، مع التحف الفنية التي أنتجت في ايران في القترات التاريخية المعاصرة لفترة الدراسة، ثم الخاتمة التي تضمنت أهم النتائج التي تم التوصل إليها. | ||
| 520 | _aSubject of study Applied Masterpieces of the Sufis of Uzbekistan -Archaeological, Artistic and Comparative study- in the light of new collection of holdings preserved in the museums of the Republic of Uzbekistan and some international and Arab museum groups in Berlin, Russia, London, Egypt and some private collection, most of which publish for the first time, which included about 178 masterpieces (725 plates), supported by a catalog of (12maps), (751 figures) , It varied between Sufi costumes and their supplements (body shirts, head covering, shoses, kashkuls, flags, Canes, holder of Qur’ans, rosary (beads), Leather bags, load utensils and distribution of water (jugs, buckets, roundabouts), hand washing basins, food utensils, writing tools, ritual utensils (shrewdness), rugs, and structures and other antiques Various for the Sufis of Uzbekistan, the study relied on the comparative analytical descriptive approach; Where it depends on the descriptive approach in describing artistic artifacts, the analytical approach to standing on its technical features and advantages, and explaining the reasons for appearing, the purpose of elements, decorations, inscriptions, and written texts, in addition to a comparative study of antiques (the subject of the study), with artistic antiques that were produced in Iran in contemporary historical periods of the study period, then the conclusion that included the most important results that It was reached. | ||
| 530 | _aصدر أيضًا كقرص مدمج. | ||
| 546 | _aالنص بالعربية والملخص باللغة الإنجليزية والعربية. | ||
| 650 | 7 |
_aالنقش _2qrmak _xفنون زخرفية |
|
| 650 | 7 |
_aالمتاحف _2qrmak |
|
| 653 | 0 |
_aآسيا الوسطى _aأشكال هندسية _aأعلام |
|
| 700 | 0 |
_aشادية الدسوقي عبد العزيز كشك _eمشرف أطروحة. |
|
| 700 | 0 |
_aنهى جميل محمد غالي _eمشرف أطروحة. |
|
| 900 |
_b15-01-2025 _cشادية الدسوقي عبد العزيز كشك _cنهى جميل محمد غالي _dأحمــد رجــب محمــد علــى رزق _dعبد المنصف سالم حسن نجم _Uجامعة القاهرة _Fكلية الآثار _Dقسم الآثار الإسلامية |
||
| 905 |
_aSara _eAfaf |
||
| 942 |
_2ddc _cTH _e21 _n0 |
||
| 999 | _c178749 | ||